000 00279nam a2200121Ia 4500
008 240624s9999 xx 000 0 und d
041 _aeng
082 _a823 PAT
100 _aPATTERSON JAMES
245 _a9TH JUDGEMENT
260 _c2010
_aLondon
_bArrow Books
365 _cRS
_b25
999 _c19835
_d19835